000 00591cam a2200229 4500
001 B1440
008 090401t1988 xxu||||| |||| 00| 0 eng d
035 _a(Sirsi) u44422
041 _aeng
050 _a333.3309425
110 _aWilliam H. Brown
245 4 _aThe William H. Brown Group annual review 1987-88
260 _aSleaford,Lincs
_bWilliam H. Brown
_c1988
300 _a12p. : ill. ; 21x30cm.
350 _a2
650 _aEAST MIDLANDS
650 _aFARM LAND
650 _aPROPERTY MARKET
650 _aRESIDENTIAL PROPERTY
_96266
942 _n0
948 _c04/03/1997
999 _c91521
_d91521